| Tag |
First Indicator |
Second Indicator |
Subfields |
| LEADER |
00000pam a2200000 a 4500 |
| 001 |
in00000089172 |
| 005 |
20151008065331.0 |
| 008 |
810817s1981 waua b s00000 eng |
| 010 |
|
|
|a 81013073
|
| 020 |
|
|
|a 0295958839 (pbk.)
|
| 035 |
|
|
|a (OCoLC)07739767
|
| 035 |
|
|
|9 AAK5766AM
|
| 039 |
0 |
|
|a 2
|b 3
|c 3
|d 3
|e 3
|
| 040 |
|
|
|a DLC
|c DLC
|d TXA
|d UtOrBLW
|
| 049 |
|
|
|a TXAM
|c [1561113]
|
| 050 |
0 |
0 |
|a QL639.25
|b .M37
|
| 082 |
0 |
|
|a 597/.039
|2 19
|
| 245 |
0 |
0 |
|a Marine fish larvae :
|b morphology, ecology, and relation to fisheries /
|c Reuben Lasker, editor.
|
| 264 |
|
1 |
|a [Seattle] :
|b Washington Sea Grant :
|c [1981?]
|
| 264 |
|
2 |
|a [Seattle] :
|b Distributor, University of Washington Press,
|
| 300 |
|
|
|a xiii, 131 pages :
|b illustrations ;
|c 23 cm.
|
| 336 |
|
|
|a text
|b txt
|2 rdacontent
|
| 337 |
|
|
|a unmediated
|b n
|2 rdamedia
|
| 338 |
|
|
|a volume
|b nc
|2 rdacarrier
|
| 504 |
|
|
|a Includes bibliographies.
|
| 505 |
0 |
|
|a Fisheries on coastal pelagic schooling fish / Paul E. Smith -- Feeding ecology and predation of marine fish larvae / John R. Hunter -- The role of a stable ocean in larval fish survival and subsequent recruitment / Reuben Lasker -- Morphological and functional aspects of marine fish larvae / H.G. Moser.
|
| 650 |
|
0 |
|a Marine fishes
|x Larvae.
|
| 650 |
|
0 |
|a Fishes
|x Larvae.
|
| 700 |
1 |
|
|a Lasker, Reuben,
|d 1929-1988.
|
| 999 |
|
|
|a MARS
|
| 999 |
f |
f |
|s 222104e9-8bd3-32ad-be31-ec6f2329fb63
|i 5d127fcd-36ad-3867-bf71-7ac091dfef07
|t 0
|
| 952 |
f |
f |
|p ric
|a Texas A&M University
|b Rellis Campus
|c Joint Library Facility
|d Remote Storage
|t 0
|e QL639.25 .M37
|h Library of Congress classification
|i unmediated -- volume
|m A14806221554
|
| 998 |
f |
f |
|a QL639.25 .M37
|t 0
|l Remote Storage
|